| 000 | 01431nam a2200325Ia 4500 | ||
|---|---|---|---|
| 008 | 130821s2007 xxua gr eng | ||
| 020 | _a9780874209914 | ||
| 040 |
_aCo-BoUCM _bspa |
||
| 041 | 0 | 0 | _aeng |
| 245 | 0 | 0 |
_aDeveloping sustainable planned communities _ceditor Jo Allen Gause ; Richard Franko ... [y otros autores]. |
| 260 |
_aWashington D.C. (Estados Unidos) _bUrban Land Institute _c2007 |
||
| 300 |
_aix, 221 páginas _bilustraciones, color |
||
| 505 | 0 | _aSustainable from the start -- Integrated site planning and design -- The costs and benefits of sustainable development -- Green building design -- Maintaining sustainability -- Case studies. | |
| 650 | 0 | 4 |
_aDesarrollo de la comunidad _912938 |
| 650 | 0 | 4 |
_aDesarrollo sostenible _912992 |
| 650 | 0 | 4 |
_aSociología _9386 |
| 650 | 0 | 4 |
_aUrbanismo _vAspectos sociales _98216 |
| 700 | 1 |
_aFranko, Richard _9159821 |
|
| 700 | 1 |
_aGause, Jo Allen _eeditor. _9159822 |
|
| 700 | 1 |
_aHeid, Jim _9159823 |
|
| 700 | 1 |
_aKellenberg, Steven _9159824 |
|
| 700 | 1 |
_aKingsbury, Jeff _9159825 |
|
| 700 | 1 |
_aMcMahon, Edward T. _9159826 |
|
| 700 | 1 |
_aSchweitzer, Judi G. _9159827 |
|
| 700 | 1 |
_aSlone, Daniel K. _9159828 |
|
| 710 | 2 |
_aUrban Land Institute. _944572 |
|
| 856 | 4 |
_zConsulte las tablas de contenido haciendo clic aquí _uhttp://www.loc.gov/catdir/toc/ecip0718/2007020428.html |
|
| 942 |
_cLIBRO _a5 _e1 _mD489 _2DEWEY _h307.768 |
||
| 999 |
_c38811 _d38811 |
||